Návody na cvičenia z ekonometrie

Bibliographic Details
Main Author: Obtulovič, Peter, 1954- (Author)
Format: Book
Language:Slovak
PhysicalDescription:129 s., 7,12 AH Tb. 29 cm
Published: Bratislava S.l. Príroda VŠP v Nitre [vyd.] 1988
Edition:2. preprac. vyd.

MARC

LEADER 00000nam a2200000 a 4500
001 vtls001121368
003 SK-MaSNL
005 20260301233323.0
008 250414s1988 xo 0 slo
015 |a SNBA1988/07 
035 |a SNK000064211 
040 |a SNK  |b slo  |c SNK  |e AACR2 
041 0 |a slo 
044 |a xo  |c SK 
080 |a 330.115(075.8)(076.5)  |2 1981 
100 1 |a Obtulovič, Peter,  |d 1954-  |4 aut  |9 7969 
245 1 0 |a Návody na cvičenia z ekonometrie  |c Peter Obtulovič 
250 |a 2. preprac. vyd. 
260 |a Bratislava  |b Príroda  |a S.l.  |b VŠP v Nitre [vyd.]  |c 1988  |e Nitra  |f Nitrianske tlačiarne 
300 |a 129 s., 7,12 AH  |b Tb.  |c 29 cm 
366 |e 120 výtl. 
500 |a Lit. 21. Príl. Schválil rektor VŠP v Nitre ako skriptá. 21 zázn. v slov., češ., ruš. a angl. 
852 |a Slovenská národná knižnica 
958 |a OND 
958 |a NB 
958 |a TL 
958 |a UV 
999 |c 965645  |d 967575 
952 |a SNK  |b SNK  |y PREZ  |7 0  |p 17A0833522  |o snkSB 43422   |0 0  |1 0  |4 0  |d 2012-07-11  |f 1  |l 0  |r 2025-05-09 00:00:00  |w 2026-02-24 
952 |t P60, <04>, [BOOK], {604}  |a SNK  |b SNK  |y VYP  |7 0  |p 17A0202961  |o snkSB 43422 D1  |0 0  |1 0  |4 0  |d 1999-07-15  |l 0  |r 2004-12-31 00:00:00  |w 2026-02-24